Ben Dönek Değilim, döne döne kitap okuyan bilgeyim (Record no. 6865)

MARC details
000 -BAŞLIK
Sabit Uzunlukta Kontrol Alanı 00930na a2200277 4500
001 - KONTROL NUMARASI
Denetim Alanı 14319
003 - KONTROL NUMARASI IDENTIFIER
Denetim Alanı MIRAKIL
005 - SON İŞLEM TARİHİ VE ZAMANI
Denetim Alanı 20181213155122.0
008 - SABİT-BOY VERİ ELEMANLARI - GENEL BİLGİLER
Sabit Uzunlukta Kontrol Alanı 161031b tu 000 0
020 ## - ULUSLARARASI STANDART KİTAP NUMARASI
Uluslararası Standart Kitap Numarası 9786056131004
035 ## - SİSTEM KONTROL NUMARASI
Sistem Kontrol Numarası 14319
040 ## - KATALOGLAMA KAYNAK
Orijinal Kataloglama Ajansı Milas
Kataloglama Dili tur
Metne Dönüştürmek Ajansı TR-AnCHP
041 ## - DİL KODU
Metin / Ses Parça Veya Ayrı Başlığın Dil Kodu tur
082 ## - DEWEY ONLU SINIFLANDIRMA NUMARASI
Sınıflandırma Numarası 817.42
Ürün Numarası D35b 2010
090 ## - SINIFLAMA NUMARASI
Sınıflama Numarası 817.42 D35b 2010
100 ## - ANA GİRİŞ - KİŞİSEL İSİM
Kişisel Ad Demirtaş, Metin
245 ## - BAŞLIK TABLOSU
Başlık Ben Dönek Değilim, döne döne kitap okuyan bilgeyim
Başlığın Kalan Değişik yaklaşım ve yorumlarla Nasreddin Hoca öyküleri
Sorumluluk Tablosu, Vb Metin Demirtaş; çizimler Oğuz Demir; yayına hazırlayan Abdullah Nefes
246 ## - UNVAN FORM VARYING
Başlık Doğru / Kısa Başlığı Değişik yaklaşım ve yorumlarla Nasreddin Hoca öyküleri
260 ## - YAYIN, DAĞITIM, VB
Yayın, Dağıtım, Vb Yeri Antalya
Yayıncı, Dağıtıcı, Vs Adı Growfide
Yayın, Dağıtım, Vb Tarihi 2010
300 ## - FİZİKSEL TANIM
Kapsam 128 s.
Diğer Fiziksel Ayrıntıları res.
Boyutlar 20 sm.
600 ## - KONU KATMA GİRİŞ - KURUMSAL ADI
Kişisel Ad Nasreddin Hoca
Bir Adıyla İlişkilendirilen Tarihler 1208-1284
650 ## - KONU KATMA GİRİŞ - TOPİKAL DÖNEM
Topikal Süreli Veya Coğrafi Ad Giriş Elemanı Türk edebiyatı
Genel Alt Bölümü Hiciv ve mizah
700 ## - KATMA GİRİŞ - KİŞİSEL İSİM
Kişisel Ad Nefes, Abdullah
700 ## - KATMA GİRİŞ - KİŞİSEL İSİM
Kişisel Ad Demir, Oğuz
Relator Terim Çiz.
942 ## - EKLENDİ GİRİŞ ELEMANLARI (KOHA)
Sınıflandırma Veya Raf Düzeni Kaynak Dewey Decimal Classification
Koha Öğesi Türü Books
999 ## - SİSTEM KONTROL NUMARALARI (KOHA)
Koha Biblionumber 6865
Koha Biblioitemnumber 6865
Holdings
Kalıcı Konum Mevcut Konum Edinme Tarihi Edinim Kaynak Toplam Check-Out'Lar Tam Çağrı Numarası Barkod Tarih Son Görülme İtibaren Geçerli Fiyatlar Koha Öğesi Türü
CHP Kütüphanesi CHP Kütüphanesi 08/26/2016 Bağış   817.42 D35b 2010 002205 08/26/2016 08/26/2016 Books